000 00442nam a2200157Ia 4500
008 210210b2002 xxu||||| |||| 00| 0 eng d
020 _a1 892051 06 0
082 _a032.02 GUIN
100 _aGUINNESS WORLD RECORDS 2002.
245 _aGuinness world records 2002.
260 _aNew York.
_bGuinness World Records Ltd.,
_c2002
300 _a288
650 _aGuinness World Records 2002
690 _aGeneral Knowledg
906 _a05741
999 _c104989
_d104989